Music Quiz

Random Music or Artist Quiz
Score 0/40 Timer 08:00
3 Plays Today
Clue Singer or Band % Correct
'Vogue'Madonna
90.3%
'Born In The USA'Bruce Springsteen
87.6%
'Rocket Man'Elton John
78.4%
'My Heart Will Go On'Celine Dion
78%
'Skyfall'Adele
75.7%
'Don't Stop Believin'Journey
75.5%
'The Wall'Roger Waters (Pink Floyd)
75.3%
'Californication'Red Hot Chili Peppers
72.6%
'Moves Like Jagger'Maroon 5
71.2%
'Empire State Of Mind'Jay-Z
67.9%
'Sweet Caroline'Neil Diamond
66.5%
'Jump'Van Halen
66.3%
'Yellow'Coldplay
62.2%
'Maggie May'Rod Stewart
58.7%
'Start Me Up'The Rolling Stones
58.7%
'Love Story'Taylor Swift
57.9%
'Tom Sawyer'Rush
45.3%
'Before He Cheats'Carrie Underwood
44.7%
'Boyfriend'Justin Bieber
39.1%
'What Makes You Beautiful'One Direction
38.9%
Clue Singer or Band % Correct
'Need You Now'Lady A
32.7%
'The Way We Were'Barbra Streisand
32.6%
'Beer For My Horses'Toby Keith
30.8%
'Ants Marching'Dave Matthews Band
29.7%
'Rockstar'Nickelback
29.5%
'I Will Wait'Mumford & Sons
28.7%
'No Shoes, No Shirt, No Problems'Kenny Chesney
27.4%
'I Like It. I love It'Tim McGraw
24.5%
'Chicken Fried'Zac Brown Band
24.2%
'Whiskey Lullaby'Brad Paisley
19%
'Bless the Broken Road'Rascal Flatts
18.9%
'Lonely Boy'The Black Keys
18.7%
'The House that Built Me'Miranda Lambert
17.6%
'Dirt Road Anthem'Jason Aldean
16.5%
'Find Your Love'Drake
12%
'Over'Blake Shelton
11.6%
'Drink in My Hand'Eric Church
9.6%
'Con te partirĂ² (Time To Say Goodbye)'Andrea Bocelli
9.2%
'Christmas Eve/Sarajevo 12/24'Trans-Siberian Orchestra
7.9%
'First Tube'Phish
3.4%
Remove Ads.
Support Sporcle.
Get the best of Sporcle when you Go Orange. This ad-free experience offers more features, more stats, and more fun while also helping to support Sporcle. Thank you for becoming a member.

You're not logged in!

Compare scores with friends on all Sporcle quizzes.
OR
Log In

Show Comments

Extras

Top Quizzes Today


Score Distribution

Your Account Isn't Verified!

In order to create a playlist on Sporcle, you need to verify the email address you used during registration. Go to your Sporcle Settings to finish the process.

Report this User

Report this user for behavior that violates our Community Guidelines.

Details: